000 00306pam a2200133 a 4500
020 _c
041 _aeng
082 _a620.8
_bBEN
100 _aBennrd ,
_eDelovitch .
245 _aMedical Biotechnology
_hTextual Documents
260 _a[s.l]:
_bASM Press Washington
300 _a737p.
930 _a1033
999 _c77959
_d77959